Journal of structural engineering. (Record no. 23133)
[ view plain ]
| 000 -LEADER | |
|---|---|
| fixed length control field | 01498nam a22004337a 4500 |
| 001 - CONTROL NUMBER | |
| control field | 11175203 |
| 005 - DATE AND TIME OF LATEST TRANSACTION | |
| control field | 20060418100150.0 |
| 008 - FIXED-LENGTH DATA ELEMENTS--GENERAL INFORMATION | |
| fixed length control field | 740709c19739999ii br p 0 0eng |
| 010 ## - LIBRARY OF CONGRESS CONTROL NUMBER | |
| LC control number | 73903540 |
| 022 ## - INTERNATIONAL STANDARD SERIAL NUMBER | |
| International Standard Serial Number | 0970-0137 |
| 025 ## - OVERSEAS ACQUISITION NUMBER | |
| Overseas acquisition number | I-D-E-1417 |
| 030 ## - CODEN DESIGNATION | |
| CODEN | JSENEI |
| 035 ## - SYSTEM CONTROL NUMBER | |
| System control number | (OCoLC)ocm01790507 |
| 040 ## - CATALOGING SOURCE | |
| Original cataloging agency | DLC |
| Transcribing agency | DLC |
| Modifying agency | OCoLC |
| -- | MnMULS |
| -- | MH |
| -- | OUCA |
| -- | OCoLC |
| -- | WaU |
| -- | DLC |
| 042 ## - AUTHENTICATION CODE | |
| Authentication code | lc |
| 050 ## - LIBRARY OF CONGRESS CALL NUMBER | |
| Classification number | TA630 |
| Item number | .J67 |
| 080 ## - UNIVERSAL DECIMAL CLASSIFICATION NUMBER | |
| Universal Decimal Classification number | 624 |
| 082 ## - DEWEY DECIMAL CLASSIFICATION NUMBER | |
| Classification number | 624.105 |
| 210 ## - ABBREVIATED TITLE | |
| Abbreviated title | J. struct. eng. |
| 222 ## - KEY TITLE | |
| Key title | Journal of structural engineering |
| 245 ## - TITLE STATEMENT | |
| Title | Journal of structural engineering. |
| 260 ## - PUBLICATION, DISTRIBUTION, ETC. (IMPRINT) | |
| Place of publication, distribution, etc | Chennai |
| Name of publisher, distributor, etc | Structural Engineering Research Centre |
| 300 ## - PHYSICAL DESCRIPTION | |
| Extent | v. |
| Other physical details | ill. |
| Dimensions | 29 cm. |
| 310 ## - CURRENT PUBLICATION FREQUENCY | |
| Current publication frequency | Bimonthly, |
| Date of current publication frequency | <2005- > |
| 321 ## - FORMER PUBLICATION FREQUENCY | |
| Former publication frequency | Bimonthly |
| -- | <1973-2004> |
| 362 ## - DATES OF PUBLICATION AND/OR SEQUENTIAL DESIGNATION | |
| Dates of publication and/or sequential designation | v. 1- Apr. 1973- |
| 500 ## - GENERAL NOTE | |
| General note | Latest issue consulted: Vol. 32, no. 5 (Dec. 2005/Jan. 2006). |
| 500 ## - GENERAL NOTE | |
| General note | Published: Chennai : Structural Engineering Research Centre, 2006- |
| 590 ## - LOCAL NOTE (RLIN) | |
| Local note | SERBIB/SERLOC merged record |
| 650 ## - SUBJECT ADDED ENTRY--TOPICAL TERM | |
| Topical term or geographic name as entry element | Structural engineering |
| Form subdivision | Periodicals. |
| 710 ## - ADDED ENTRY--CORPORATE NAME | |
| Corporate name or jurisdiction name as entry element | Structural Engineering Research Centre. |
| 270 ## - ADDRESS | |
| Electronic mail address | krs@sercm.org |
| 365 ## - TRADE PRICE | |
| Price amount | Rs. 750.00 annual |
| 906 ## - LOCAL DATA ELEMENT F, LDF (RLIN) | |
| b | cbc |
| c | serials |
| d | 4 |
| e | ncip |
| f | 19 |
| g | n-oclcserc |
| 942 ## - ADDED ENTRY ELEMENTS (KOHA) | |
| Source of classification or shelving scheme | Dewey Decimal Classification |
| Item type | Periodicals |
| Classification part | 624.105 |
| Call number suffix | JOU |
| Serial record | 1 |
| Withdrawn status | Lost status | Source of classification or shelving scheme | Damaged status | Not for loan | Collection code | Home library | Current library | Date acquired | Total Checkouts | Full call number | Date last seen | Price effective from | Koha item type |
|---|---|---|---|---|---|---|---|---|---|---|---|---|---|
| Dewey Decimal Classification | Not For Loan | Non-fiction | D.B.Act.Division | D.B.Act.Division | 06/02/2009 | 624.105 JOU | 06/02/2009 | 06/02/2009 | Periodicals |
